| 000 | 00432nam a2200169Ia 4500 | ||
|---|---|---|---|
| 001 | 4562 | ||
| 005 | 20260306145805.0 | ||
| 008 | 260306t9999||||xx |||||||||||||| ||spa|| | ||
| 041 | _aESP | ||
| 082 |
_a324.985 _bB96 |
||
| 100 |
_aOficina Nacional de Procesos Electorales _eAUT |
||
| 245 | 0 | _aAcceso al voto de las personas con discapacidad en PerĂº | |
| 300 |
_a _c |
||
| 650 | _aGEN | ||
| 654 | _aCHU | ||
| 942 |
_cLIB _dJUS _fJUS _2ddc _n |
||
| 999 |
_c4562 _d4562 |
||